Measuring Trade Specialisation of Slovakia on Extra EU Market

Na minha lista:
Detalhes bibliográficos
Autor principal: Pitoňáková, Renáta, 1967-
Formato: Capítulo de Livro
Idioma:inglês
Tags: Adicionar Tag
Sem tags, seja o primeiro a adicionar uma tag!

MARC

LEADER 00000naa a2200000 4500
001 0302883
005 20250930092812.3
041 0 |a eng 
044 |a CH 
245 1 0 |a Measuring Trade Specialisation of Slovakia on Extra EU Market  |c Renáta Pitoňáková 
100 1 |a Pitoňáková, Renáta, 1967-